Statistics for Snowiest U.S. State Capitals

Click here to take the quiz!

General Stats

  • This quiz has been taken 14,940 times
  • The average score is 7 of 10

Answer Stats

InchesStateCapital% Correct
59.1New YorkAlbany
83%
69.8AlaskaJuneau
75%
53.8ColoradoDenver
74%
71.3MaineAugusta
68%
94.2VermontMontpelier
67%
51.2North DakotaBismarck
67%
60.8New HampshireConcord
60%
51.1MichiganLansing
60%
60.3WyomingCheyenne
53%
56.2UtahSalt Lake City
53%

Score Distribution

Percentile by Number Answered

Percent of People with Each Score

Your Score History

You have not taken this quiz